Clinical pharmacology (رقم التسجيلة. 24143)
[ عرض عادي ]
| 000 -الفاتح | |
|---|---|
| حقل البيانات ثابتة الطول | 01314cam a22003617a 4500 |
| 001 - رقم الضبط | |
| رقم الضبط | 8778262 |
| 003 - محدد رقم الضبط | |
| رقم الضبط | OSt |
| 005 - وقت وتاريخ اخر تعامل مع التسجيلة | |
| رقم الضبط | 20150408114045.0 |
| 006 - عناصر البيانات ثابتة الطول - خصائص المادة الاضافية-معلومات عامة | |
| حقل البيانات ثابتة الطول | m d |
| 007 - الحقل الثابت للوصف المادى- معلومات عامة | |
| حقل البيانات ثابتة الطول | cr n |
| 008 - عناصر البيانات ثابتة الطول - معلومات عامة | |
| حقل البيانات ثابتة الطول | 120623s2010 nyua |sb 001 0 eng d |
| 020 ## - الرقم الدولى المعيارى للكتب | |
| الرقم الدولى المعيارى للكتاب | 9783709101438 |
| 035 ## - رقم ضبط النظام | |
| رقم ضبط النظام | (WaSeSS)ssj0000475962 |
| 040 ## - مصدر الفهرسة | |
| وكالة الفهرسة الأصلية | BTCTA |
| لغة الفهرسة | eng |
| وكالة النسخ | MU |
| وكالة التعديل | YDXCP |
| -- | TML |
| -- | CDX |
| -- | TXH |
| -- | OHX |
| -- | DLC |
| -- | WaSeSS |
| 042 ## - رمز التحقق | |
| رمز التحقق | lccopycat |
| 050 #4 - رقم طلب مكتبة الكونجرس | |
| رقم المادة | |
| 050 #4 - رقم طلب مكتبة الكونجرس | |
| رقم التصنيف | |
| رقم المادة | |
| 060 #4 - رقم الطلب بالمكتبة الطبية الوطنية | |
| رقم التصنيف | |
| 082 ## - رقم تصنيف ديوى العشرى | |
| رقم الطبعة | 22 |
| رقم التصنيف | 615.58 |
| رقم المادة | C L P |
| 210 10 - العنوان المختصر | |
| العنوان المختصر | Clinical pharmacology |
| 245 00 - بيان العنوان | |
| العنوان | Clinical pharmacology |
| الوسيط | [electronic resource] : |
| بقية العنوان | current topics and case studies / |
| بيان المسئوليه,etc | edited by Markus Müller. |
| 260 ## - PUBLICATION, DISTRIBUTION, ETC. (IMPRINT) | |
| مكان الناشر او الموزع | New York : |
| اسم الناشر او الموزع | Springer, |
| تاريخ النشر أو التوزيع | c2010. |
| 504 ## - تبصرة ببليوجرافية | |
| تبصرة ببليوجرافية,الخ | Includes bibliographical references and index. |
| 506 ## - تبصرة قيود الاتاحة | |
| قيود الإتاحة | License restrictions may limit access. |
| 650 #0 - المدخل الاضافى بالموضوع-مصطلح موضوعى | |
| مصطلح موضوعي أو اسم جغرافي كعنصر مدخل | Clinical pharmacology. |
| 9 (RLIN) | 4755 |
| 650 12 - المدخل الاضافى بالموضوع-مصطلح موضوعى | |
| مصطلح موضوعي أو اسم جغرافي كعنصر مدخل | Pharmacology, Clinical |
| التقسيم الفرعي العام | trends. |
| 9 (RLIN) | 15817 |
| 650 22 - المدخل الاضافى بالموضوع-مصطلح موضوعى | |
| مصطلح موضوعي أو اسم جغرافي كعنصر مدخل | Pharmacology, Clinical |
| التقسيم الفرعي الشكلي | Case Reports. |
| 9 (RLIN) | 15818 |
| 700 1# - المدخل الاضافى - اسم شخصى | |
| الإسم الشخصى | Müller, Markus. |
| 9 (RLIN) | 15816 |
| 773 #0 - مدخل المادة المضيفة | |
| العنوان | SpringerLink ebooks - Biomedical and Life Sciences (2010) |
| 856 40 - الوصول و الموقع الالكترونى | |
| معرف المصدر الموحد | <a href="http://www.columbia.edu/cgi-bin/cul/resolve?clio8778262">http://www.columbia.edu/cgi-bin/cul/resolve?clio8778262</a> |
| تبصرة عامة | Full text available from SpringerLink ebooks - Biomedical and Life Sciences (2010) |
| 910 ## - بيانات اختيارية للمستخدم | |
| User-option data | Library of Congress record |
| 942 ## - عناصر المدخل الإضافي( كوها) | |
| مصدر التصنيف او مخطط الترفيف | Dewey Decimal Classification |
| Koha [default] item type | DVD |
| حالة الفقد | نموذج السعر الفعال | حالة تلف | ليس للاعارة | رقم الطلب | رقم النسخة | تاريخ الاكتساب | الموقع الحالي | الباركود | الفرع الرئيسي | Date last seen | نوع المادة فى نظام كوها | مصدر التصنيف او خطة الترفيف | Total Checkouts |
|---|---|---|---|---|---|---|---|---|---|---|---|---|---|
| 2013-03-10 | 615.58 C L P | C. 1 | 2012-06-23 | المكتبة المركزية بالمجمعة (CL) | 00109994 | المكتبة المركزية بالمجمعة (CL) | 2013-03-10 | كتاب | Dewey Decimal Classification | ||||
| 2013-03-10 | 615.58 C L P | C. 2 | 2012-06-23 | المكتبة المركزية بالمجمعة (CL) | 00109995 | المكتبة المركزية بالمجمعة (CL) | 2013-03-10 | كتاب | Dewey Decimal Classification | ||||
| 2013-03-10 | 615.58 C L P | C. 3 | 2012-06-23 | المكتبة المركزية بالمجمعة (CL) | 00109996 | المكتبة المركزية بالمجمعة (CL) | 2013-03-10 | كتاب | Dewey Decimal Classification |
